Trasfondo ideológico del cine /

Bibliographic Details
Main Author: Soublette, Gastón (Author)
Format: Electronic eBook
Language:Spanish
Published: Santiago, Chile : Ediciones UC, [2017]
Subjects:
Online Access:Digitalia Hispánica

MARC

LEADER 00000nam a2200000Ii 4500
001 DIGUCCH0267
003 NyNyDIG
006 m o d
007 cr |||||||||||
008 250801s2017 cl a o 000 0 spa d
035 |a (OCoLC)1022982287 
040 |a DGITA  |b eng  |e rda  |e pn  |c DGITA 
020 |a 9789561421653  |q edición digital 
020 |z 9789561421134  |q edición impresa 
050 1 4 |a PN1993.5.A1 ebook 
100 1 |a Soublette, Gastón,  |e author. 
245 1 0 |a Trasfondo ideológico del cine /  |c Gastón Soublette. 
264 1 |a Santiago, Chile :  |b Ediciones UC,  |c [2017] 
300 |a 1 online resource :  |b illustrations. 
336 |a text  |b txt  |2 rdacontent 
337 |a computer  |b c  |2 rdamedia 
338 |a online resource  |b cr  |2 rdacarrier 
347 |a text file  |2 rdaft 
347 |b EPUB 
588 0 |a Online resource; title from ePub title page (Digitalia, viewed August 1, 2025) 
650 0 |a Motion pictures  |x History. 
650 0 |a Film criticism. 
650 0 |a Symbolism in motion pictures. 
776 0 8 |i Print version:  |a Soublette, Gastón.  |t Trasfondo ideológico del cine.  |d Santiago, Chile : Ediciones UC, [2017]  |z 9789561421134 
791 2 |a Digitalia (Firm),  |e distributor. 
793 0 |g Digitalia eBook Collection:  |a Universidad Católica de Chile 
856 4 0 |3 Digitalia Hispánica  |u https://www.digitaliapublishing.com/a/175566/ 
910 |a Premium collection: 2025